[Event "Thüringer Einzelmeisterschaft"]
[Site "Finsterbergen"]
[Date "2005.03.27"]
[Round "7"]
[White "Huster, Mike"]
[Black "Stridde, Peter"]
[Result "1/2-1/2"]
[WhiteElo "2074"]
[BlackElo "2085"]
[PlyCount "122"]
[EventDate "2005.??.??"]
[EventRounds "9"]
[EventCountry "GER"]

1. d4 Nc6 2. c4 e5 3. d5 Nce7 4. Nc3 Ng6 5. e4 Nf6 6. h4 h5 7. Bd3 Be7 8. g3 d6
9. Bd2 c5 10. Qe2 Bd7 11. O-O-O Qc8 12. f3 a6 13. Be3 Rb8 14. Qf1 b5 15. Nh3
Qb7 16. Rd2 Bd8 17. Rg2 bxc4 18. Bxc4 Bb5 19. Ng5 Ba5 20. Nb1 Bb4 21. Qd3 Bxc4
22. Qxc4 Qb5 23. Qxb5+ axb5 24. Rc2 Nd7 25. b3 Ke7 26. Bd2 Bxd2+ 27. Kxd2 b4
28. Kd3 Rb7 29. Nd2 Nb6 30. Nc4 Nxc4 31. Kxc4 Ra8 32. f4 exf4 33. gxf4 Nxf4 34.
Rf1 f6 35. Rxf4 fxg5 36. hxg5 Rf8 37. Rcf2 Rbb8 38. g6 Rxf4 39. Rxf4 Rf8 40.
Rh4 Kf6 41. Rf4+ Ke7 42. Rh4 Rh8 43. e5 dxe5 44. Kxc5 Kf6 45. Kxb4 Kxg6 46. a4
Kf5 47. Kc5 g5 48. Rh1 g4 49. d6 g3 50. d7 Kg4 51. a5 h4 52. Kd6 g2 53. Rc1 Rd8
54. Ke7 Rxd7+ 55. Kxd7 h3 56. Rg1 Kg3 57. a6 h2 58. Rxg2+ Kxg2 59. a7 h1=Q 60.
a8=Q+ Kg1 61. Qa1+ Kg2 1/2-1/2

[Event "Thüringer Einzelmeisterschaft"]
[Site "Finsterbergen"]
[Date "2005.03.27"]
[Round "7"]
[White "Manger, Erika"]
[Black "Kirchhübel, Steffen"]
[Result "0-1"]
[WhiteElo "1479"]
[BlackElo "1847"]
[PlyCount "112"]
[EventDate "2005.??.??"]
[EventRounds "9"]
[EventCountry "GER"]

1. c4 e5 2. g3 Bc5 3. Bg2 c6 4. e3 Nf6 5. Ne2 d6 6. b3 Bf5 7. d4 Bb4+ 8. Bd2
Na6 9. a3 Bxd2+ 10. Nxd2 O-O 11. O-O e4 12. f3 exf3 13. Rxf3 Bg4 14. Rf2 d5 15.
c5 Re8 16. Nf1 Nc7 17. Qd2 Ne4 18. Bxe4 dxe4 19. Nc3 Bf3 20. h3 Qf6 21. Nh2 Qg5
22. g4 Qh4 23. Nxf3 Qg3+ 24. Kh1 exf3 25. Rg1 Qh4 26. Rxf3 Ne6 27. Kg2 Ng5 28.
Rg3 Rad8 29. Re1 Re6 30. e4 Rde8 31. Qd3 h5 32. Ree3 Rf6 33. e5 Rf4 34. Ne2 Ne6
35. Ref3 Rxf3 36. Qxf3 Qd8 37. Qe4 Ng5 38. Qf5 Qd5+ 39. Kh2 h4 40. Rd3 Ne6 41.
Nf4 Qd8 42. Nxe6 Rxe6 43. g5 Rg6 44. Rf3 Qe7 45. Qd3 Qxg5 46. Qf1 Qd2+ 47. Qf2
Qxf2+ 48. Rxf2 Rg3 49. Rf4 Rxb3 50. Rxh4 Rxa3 51. Rg4 Kf8 52. h4 Re3 53. h5 a5
54. Rf4 a4 55. Rf1 a3 56. Ra1 Ke7 0-1

[Event "Thüringer Einzelmeisterschaft"]
[Site "Finsterbergen"]
[Date "2005.03.27"]
[Round "7"]
[White "Grüner, Nico"]
[Black "Hermann, Ingo"]
[Result "0-1"]
[WhiteElo "1481"]
[BlackElo "2004"]
[PlyCount "52"]
[EventDate "2005.??.??"]
[EventRounds "9"]
[EventCountry "GER"]

1. e4 e6 2. d4 d5 3. exd5 exd5 4. c4 Nf6 5. h3 Bb4+ 6. Nc3 O-O 7. Nf3 c6 8. a3
Re8+ 9. Be3 Bxc3+ 10. bxc3 Qa5 11. Qb3 Nbd7 12. Bd3 Qb6 13. Qc2 dxc4 14. Bxc4
Nd5 15. Bxd5 cxd5 16. O-O Nf6 17. Rab1 Qc7 18. Rfc1 Be6 19. Ng5 Rac8 20. Nxe6
Rxe6 21. Rb4 Rc6 22. Rb3 Ne4 23. Bd2 b6 24. Qd3 Nxd2 25. Qxd2 Qe7 26. Qg5 Qxg5
0-1

[Event "Thüringer Einzelmeisterschaft"]
[Site "Finsterbergen"]
[Date "2005.03.27"]
[Round "7"]
[White "Tischer, Jana"]
[Black "Koksch, Florian"]
[Result "1-0"]
[WhiteElo "1867"]
[BlackElo "1910"]
[PlyCount "23"]
[EventDate "2005.??.??"]
[EventRounds "9"]
[EventCountry "GER"]

1. e4 e5 2. Nf3 Nf6 3. Nxe5 d6 4. Nxf7 Kxf7 5. d4 Be7 6. Nc3 Be6 7. Bd3 Nbd7 8.
O-O c6 9. f4 Ke8 10. e5 dxe5 11. fxe5 Nd5 12. Qh5+ 1-0

[Event "Thüringer Einzelmeisterschaft"]
[Site "Finsterbergen"]
[Date "2005.03.27"]
[Round "8"]
[White "Rohmeiss, Roberto"]
[Black "Paehtz, Thomas Jr"]
[Result "0-1"]
[WhiteElo "2088"]
[BlackElo "2259"]
[PlyCount "56"]
[EventDate "2005.??.??"]
[EventRounds "9"]
[EventCountry "GER"]

1. d4 Nf6 2. c4 c5 3. d5 b5 4. cxb5 a6 5. b6 d6 6. Nc3 g6 7. a4 Qxb6 8. a5 Qb7
9. e4 Bg7 10. Nf3 O-O 11. Nd2 Ne8 12. Nc4 Nc7 13. Nb6 Ra7 14. h4 Nd7 15. Nca4
e6 16. h5 exd5 17. hxg6 fxg6 18. Ra3 Nf6 19. exd5 Bf5 20. Bc4 Nb5 21. Re3 Ng4
22. Re6 Nxf2 23. Nxc5 dxc5 24. Qe2 Nxh1 25. Re7 Qxe7 26. d6+ Qf7 27. Bxf7+
Raxf7 28. g4 Nxd6 0-1

[Event "Thüringer Einzelmeisterschaft"]
[Site "Finsterbergen"]
[Date "2005.03.27"]
[Round "8"]
[White "Hannes, Diana"]
[Black "Holzschuh, Stephan"]
[Result "0-1"]
[WhiteElo "1928"]
[BlackElo "2181"]
[PlyCount "66"]
[EventDate "2005.??.??"]
[EventRounds "9"]
[EventCountry "GER"]

1. e4 c5 2. Nf3 Nc6 3. d4 cxd4 4. Nxd4 Nf6 5. Nc3 e5 6. Ndb5 d6 7. Bg5 a6 8.
Na3 b5 9. Nd5 Be7 10. Bxf6 Bxf6 11. c3 Bg5 12. Nc2 O-O 13. a4 bxa4 14. Rxa4 a5
15. Bc4 Rb8 16. b3 Kh8 17. O-O Bd7 18. Ra2 g6 19. Kh1 Bh6 20. Nce3 f5 21. exf5
gxf5 22. Qh5 Bg7 23. f4 exf4 24. Nxf4 Rf6 25. Nfd5 Rh6 26. Qe2 Qg5 27. Qc2 Be5
28. Nxf5 Bxf5 29. Qxf5 Qg3 30. Kg1 Qxh2+ 31. Kf2 Qg3+ 32. Kg1 Rh1+ 33. Kxh1
Qh2# 0-1

[Event "Thüringer Einzelmeisterschaft"]
[Site "Finsterbergen"]
[Date "2005.03.27"]
[Round "8"]
[White "Aepfler, Christian"]
[Black "Wehner, Jannis"]
[Result "1/2-1/2"]
[WhiteElo "2262"]
[BlackElo "2212"]
[PlyCount "64"]
[EventDate "2005.??.??"]
[EventRounds "9"]
[EventCountry "GER"]

1. e4 c5 2. c3 d5 3. exd5 Qxd5 4. d4 Nf6 5. Nf3 Bg4 6. Nbd2 Nc6 7. dxc5 Qxc5 8.
Be2 e6 9. O-O Be7 10. h3 Bh5 11. Qa4 O-O 12. Nb3 Qb6 13. Be3 Qc7 14. Nbd4 Nxd4
15. Bxd4 Nd5 16. Be5 Bd6 17. Bxd6 Qxd6 18. Rad1 Qc7 19. Nd4 Bxe2 20. Nxe2 a6
21. Rd4 Rfd8 22. Rfd1 Nf6 23. Qc4 Qe7 24. Qd3 Rxd4 25. Qxd4 Kf8 26. Ng3 Rc8 27.
Ne4 Nxe4 28. Qxe4 Kg8 29. Rd4 h6 30. Qd3 Qg5 31. f4 Qa5 32. Rb4 Rd8 1/2-1/2

[Event "Thüringer Einzelmeisterschaft"]
[Site "Finsterbergen"]
[Date "2005.03.27"]
[Round "8"]
[White "Kirschbaum, Gunnar"]
[Black "Zschiedrich, Heiko"]
[Result "1/2-1/2"]
[WhiteElo "2215"]
[BlackElo "2231"]
[PlyCount "48"]
[EventDate "2005.??.??"]
[EventRounds "9"]
[EventCountry "GER"]

1. d4 d6 2. c4 e5 3. d5 f5 4. e4 Nf6 5. exf5 Bxf5 6. Ne2 c6 7. Ng3 Bxb1 8. Rxb1
cxd5 9. cxd5 Qa5+ 10. Bd2 Qxd5 11. Be2 Nc6 12. O-O O-O-O 13. Bf3 Qd3 14. Bxc6
bxc6 15. Qa4 Kb7 16. b4 a6 17. Rfc1 Rc8 18. Be3 Nd5 19. Nf1 Be7 20. Qa5 Bd8 21.
Qa4 Nc3 22. Rxc3 Qxc3 23. b5 Qa5 24. bxc6+ Ka8 1/2-1/2

[Event "Thüringer Einzelmeisterschaft"]
[Site "Finsterbergen"]
[Date "2005.03.27"]
[Round "8"]
[White "Missbach, Bernd"]
[Black "Buring, Matthias"]
[Result "1-0"]
[WhiteElo "2190"]
[BlackElo "2154"]
[PlyCount "85"]
[EventDate "2005.??.??"]
[EventRounds "9"]
[EventCountry "GER"]

1. Nf3 d5 2. d4 c6 3. g3 Nf6 4. Bg2 e6 5. O-O Bd6 6. Nbd2 Nbd7 7. c4 O-O 8. Re1
Re8 9. e4 dxe4 10. Nxe4 Nxe4 11. Rxe4 b6 12. Qc2 f5 13. Re2 Bb7 14. Bg5 Qc7 15.
Rae1 Nf8 16. c5 Be7 17. Bf4 Qd8 18. b4 g5 19. Bc1 b5 20. Ne5 Rc8 21. Bb2 Bf6
22. a4 a6 23. axb5 axb5 24. Bc3 Rc7 25. Qb3 Kg7 26. Ra1 Bxe5 27. Rxe5 Kg6 28.
g4 Rf7 29. Rae1 f4 30. h4 Rf6 31. hxg5 f3 32. gxf6 fxg2 33. Bd2 Qxf6 34. Bg5
Qg7 35. Qh3 Kf7 36. Bh6 Qf6 37. Bxf8 Kxf8 38. R1e3 Qg6 39. Rf3+ Ke7 40. Qh4+
Kd7 41. Rg5 Qb1+ 42. Kxg2 Re7 43. Qg3 1-0

[Event "Thüringer Einzelmeisterschaft"]
[Site "Finsterbergen"]
[Date "2005.03.27"]
[Round "8"]
[White "Kirchhübel, Steffen"]
[Black "Huster, Mike"]
[Result "0-1"]
[WhiteElo "1847"]
[BlackElo "2074"]
[PlyCount "120"]
[EventDate "2005.??.??"]
[EventRounds "9"]
[EventCountry "GER"]

1. b4 e5 2. b5 d6 3. Bb2 Nf6 4. e3 c6 5. Nf3 Be7 6. a4 O-O 7. c4 Nbd7 8. Qc2
Re8 9. Nc3 Bf8 10. d3 Nc5 11. Be2 Qe7 12. Nd2 d5 13. Na2 d4 14. e4 Ne6 15. g3
Bd7 16. h4 Rac8 17. Qd1 Nc5 18. Nc1 Be6 19. Ba3 Qd7 20. Nf3 Bg4 21. Nh2 Bxe2
22. Nxe2 Qh3 23. Bxc5 Bxc5 24. Kd2 Bb4+ 25. Kc2 cxb5 26. axb5 Qd7 27. Kb3 Bc5
28. f3 a6 29. bxa6 bxa6 30. Rb1 Rb8+ 31. Ka2 Rxb1 32. Kxb1 Rb8+ 33. Ka1 Rb4 34.
Nc1 Ra4+ 35. Na2 Ra3 36. Qd2 a5 37. Qc2 Bb4 38. Kb2 Qb7 39. Rb1 Nd7 40. Kc1 Nc5
41. Kd1 Rxd3+ 42. Ke2 Re3+ 43. Kf2 d3 44. Qd1 Re2+ 45. Kg1 Rxa2 46. Ng4 Qd7 47.
Qf1 Qd4+ 48. Nf2 h6 49. Kg2 Ne6 50. Rd1 Bc5 51. Kh3 Qxf2 52. Qh1 d2 53. Kg4 Nd4
54. Rf1 Qe3 55. f4 Ra3 56. Qg2 Qe2+ 57. Qxe2 Nxe2 58. Rd1 Rxg3+ 59. Kf5 Rd3 60.
fxe5 Ng3+ 0-1

[Event "Thüringer Einzelmeisterschaft"]
[Site "Finsterbergen"]
[Date "2005.03.27"]
[Round "8"]
[White "Gulich, Christian"]
[Black "Kirste, Olaf"]
[Result "1/2-1/2"]
[WhiteElo "2113"]
[BlackElo "2056"]
[PlyCount "85"]
[EventDate "2005.??.??"]
[EventRounds "9"]
[EventCountry "GER"]

1. e4 c5 2. Nf3 e6 3. d4 cxd4 4. Nxd4 Nf6 5. Nc3 d6 6. Bc4 Be7 7. O-O a6 8. Bb3
Qc7 9. Kh1 Bd7 10. f4 Nc6 11. Be3 b5 12. a3 O-O 13. Qe2 Rac8 14. Rad1 Nxd4 15.
Bxd4 e5 16. Bg1 Bg4 17. Qd2 Bxd1 18. Rxd1 Qc6 19. Qe3 Bd8 20. f5 Rb8 21. Qe2 a5
22. Nd5 Rc8 23. c3 Kh8 24. Rd3 b4 25. cxb4 axb4 26. a4 Nxd5 27. Rxd5 Bb6 28.
Bf2 Bxf2 29. Qxf2 Qc1+ 30. Rd1 Qg5 31. Qe1 Rfd8 32. Qxb4 Rc1 33. Qe1 Rxd1 34.
Bxd1 Rc8 35. Kg1 Rc1 36. g3 h5 37. Kf2 h4 38. Qe2 hxg3+ 39. hxg3 d5 40. Qh5+
Qxh5 41. Bxh5 dxe4 42. Bxf7 Rc2+ 43. Ke3 1/2-1/2

[Event "Thüringer Einzelmeisterschaft"]
[Site "Finsterbergen"]
[Date "2005.03.27"]
[Round "8"]
[White "Taudte, Stefan"]
[Black "Koksch, Florian"]
[Result "1-0"]
[WhiteElo "2093"]
[BlackElo "1910"]
[PlyCount "87"]
[EventDate "2005.??.??"]
[EventRounds "9"]
[EventCountry "GER"]

1. d4 d5 2. c4 e6 3. Nf3 Nf6 4. Bg5 Be7 5. Nc3 Nbd7 6. c5 O-O 7. b4 c6 8. e3
Ne4 9. Nxe4 dxe4 10. Bxe7 Qxe7 11. Nd2 f5 12. Nc4 e5 13. d5 Nf6 14. dxc6 bxc6
15. Qd6 Qxd6 16. Nxd6 Be6 17. b5 Nd7 18. Rc1 Rfd8 19. bxc6 Nxc5 20. Rxc5 Rxd6
21. c7 Rc8 22. g4 f4 23. Bc4 Bxc4 24. Rxc4 fxe3 25. fxe3 Rd7 26. O-O Rcxc7 27.
Rxe4 Re7 28. Rb4 Rb7 29. Ra4 g6 30. Rf2 Rf7 31. Rxf7 Rxf7 32. Kg2 Kg7 33. g5 h6
34. gxh6+ Kxh6 35. Ra5 Re7 36. Kf3 Kg5 37. Ke4 Kf6 38. Ra6+ Kf7 39. a4 Kg7 40.
Kd5 Kf7 41. e4 g5 42. h3 Kf8 43. Rf6+ Rf7 44. Kxe5 1-0

[Event "Thüringer Einzelmeisterschaft"]
[Site "Finsterbergen"]
[Date "2005.03.27"]
[Round "8"]
[White "Stridde, Peter"]
[Black "Grüner, Nico"]
[Result "1-0"]
[WhiteElo "2085"]
[BlackElo "1481"]
[PlyCount "77"]
[EventDate "2005.??.??"]
[EventRounds "9"]
[EventCountry "GER"]

1. Nc3 g6 2. h4 Bg7 3. h5 d5 4. d3 e5 5. Bd2 Nc6 6. Qc1 Be6 7. e4 d4 8. Nce2
Qd6 9. Nh3 Bxh3 10. Rxh3 Nge7 11. Ng3 O-O-O 12. Be2 f5 13. a3 f4 14. Nf1 Qf6
15. Qd1 gxh5 16. Bxh5 Ng6 17. Nh2 Bf8 18. Nf3 Be7 19. Ke2 Rdg8 20. Qh1 Qg7 21.
Bg4+ Kb8 22. Be6 Rf8 23. Rh5 Rf6 24. Qh3 Nf8 25. Bd5 Rg6 26. Rh1 Bf6 27. Rh2
Ne7 28. Bc4 Nc6 29. Bb5 Nd8 30. Bb4 Nde6 31. Bxf8 Nxf8 32. Bc4 Qe7 33. Qf5 Nd7
34. Rxh7 Rxh7 35. Qxg6 Rxh2 36. Nxh2 a6 37. Ng4 Qg7 38. Qf5 Be7 39. Qxd7 1-0

[Event "Thüringer Einzelmeisterschaft"]
[Site "Finsterbergen"]
[Date "2005.03.27"]
[Round "8"]
[White "Manger, Erika"]
[Black "Tischer, Jana"]
[Result "0-1"]
[WhiteElo "1479"]
[BlackElo "1867"]
[PlyCount "72"]
[EventDate "2005.??.??"]
[EventRounds "9"]
[EventCountry "GER"]

1. c4 f5 2. d4 e6 3. Nc3 Nf6 4. g3 Be7 5. Bg2 O-O 6. Nf3 d6 7. O-O Qe8 8. Qd3
Bd8 9. e4 fxe4 10. Nxe4 Nxe4 11. Qxe4 Nd7 12. Re1 Nf6 13. Qd3 Qh5 14. Nh4 Ng4
15. h3 Nxf2 16. Qe2 Qxe2 17. Rxe2 Bxh4 18. Rxf2 Bxg3 19. Rxf8+ Kxf8 20. Be3 Bh4
21. Rf1+ Bf6 22. h4 Ke7 23. h5 h6 24. b4 Bd7 25. b5 c6 26. a4 Rc8 27. d5 exd5
28. cxd5 c5 29. Re1 Be5 30. Bf2 Kf7 31. Be4 Kg8 32. Bg6 b6 33. Bh4 Rf8 34. Be7
Rf4 35. Rf1 Bd4+ 36. Kg2 Bh3+ 0-1

[Event "Thüringer Einzelmeisterschaft"]
[Site "Finsterbergen"]
[Date "2005.03.28"]
[Round "9"]
[White "Paehtz, Thomas Jr"]
[Black "Missbach, Bernd"]
[Result "1-0"]
[WhiteElo "2259"]
[BlackElo "2190"]
[PlyCount "99"]
[EventDate "2005.??.??"]
[EventRounds "9"]
[EventCountry "GER"]

1. e4 c5 2. Nf3 Nc6 3. d4 cxd4 4. Nxd4 g6 5. c4 Bg7 6. Be3 Nf6 7. Nc3 O-O 8.
Be2 d6 9. O-O Bd7 10. Nc2 Qc8 11. f3 Be6 12. Qd2 Nd7 13. Rac1 f5 14. exf5 Bxf5
15. b3 b6 16. Nd5 Qd8 17. Bg5 Rf7 18. Nce3 Nd4 19. Nxf5 Nxf5 20. Bd3 Nf6 21.
Be4 Kh8 22. Nxf6 Bxf6 23. Bxf6+ Rxf6 24. Bxa8 Qxa8 25. Rce1 Qb7 26. Qd5 Qd7 27.
Re4 e6 28. Qd2 Qc6 29. Qb2 e5 30. Rd1 Kg7 31. Ree1 g5 32. Qd2 h6 33. Qd5 Qc7
34. b4 Ne7 35. Qd3 Nc6 36. c5 bxc5 37. bxc5 dxc5 38. Qd7+ Rf7 39. Qxc7 Rxc7 40.
Rd5 Re7 41. Rxc5 Re6 42. Rd1 a6 43. Rd7+ Kf6 44. Rcd5 Nb4 45. Rd2 e4 46. fxe4
Ke5 47. Rb7 Nc6 48. Kf2 Kf6 49. Rbd7 Ke5 50. Ke3 1-0

[Event "Thüringer Einzelmeisterschaft"]
[Site "Finsterbergen"]
[Date "2005.03.28"]
[Round "9"]
[White "Holzschuh, Stephan"]
[Black "Wehner, Jannis"]
[Result "1-0"]
[WhiteElo "2181"]
[BlackElo "2212"]
[PlyCount "47"]
[EventDate "2005.??.??"]
[EventRounds "9"]
[EventCountry "GER"]

1. e4 c5 2. Nf3 Nc6 3. d4 cxd4 4. Nxd4 g6 5. Nc3 Bg7 6. Be3 Nf6 7. Bc4 d6 8. f3
O-O 9. Qd2 Bd7 10. O-O-O Rc8 11. Bb3 Na5 12. g4 Nc4 13. Bxc4 Rxc4 14. Kb1 Re8
15. Nb3 b5 16. e5 Nxg4 17. fxg4 Bxg4 18. Rdf1 b4 19. Nd5 Bxe5 20. Bd4 Bxd4 21.
Nxd4 Bc8 22. Ne3 Rc5 23. h4 h5 24. Rhg1 1-0

[Event "Thüringer Einzelmeisterschaft"]
[Site "Finsterbergen"]
[Date "2005.03.28"]
[Round "9"]
[White "Aepfler, Christian"]
[Black "Kirschbaum, Gunnar"]
[Result "1-0"]
[WhiteElo "2262"]
[BlackElo "2215"]
[PlyCount "87"]
[EventDate "2005.??.??"]
[EventRounds "9"]
[EventCountry "GER"]

1. e4 d6 2. d4 Nf6 3. Nc3 g6 4. Nf3 Bg7 5. Be2 O-O 6. O-O Bg4 7. e5 Nfd7 8. h3
Bxf3 9. Bxf3 Nc6 10. Bxc6 bxc6 11. f4 c5 12. dxc5 Nxc5 13. Be3 Nd7 14. exd6
cxd6 15. Bd4 Bxd4+ 16. Qxd4 Qb6 17. Qxb6 Nxb6 18. Rfe1 e6 19. Nb5 d5 20. b3 Nc8
21. Rad1 Ne7 22. c4 Rfc8 23. Rc1 Rc5 24. Nd6 Rc6 25. c5 Rb8 26. Re2 Nf5 27.
Nxf5 gxf5 28. Rb2 a5 29. a3 f6 30. b4 axb4 31. axb4 Rb5 32. Kf2 Kf7 33. Ke3 e5
34. Kd3 Ke6 35. Kc3 d4+ 36. Kb3 Kd5 37. Ra2 e4 38. Ra8 e3 39. Rd8+ Ke4 40. Rd1
d3 41. R1xd3 Kxf4 42. Kc4 Rb7 43. R8d4+ Ke5 44. Rxe3# 1-0

[Event "Thüringer Einzelmeisterschaft"]
[Site "Finsterbergen"]
[Date "2005.03.28"]
[Round "9"]
[White "Schmidt, Matthias"]
[Black "Rohmeiss, Roberto"]
[Result "1-0"]
[WhiteElo "2090"]
[BlackElo "2088"]
[PlyCount "55"]
[EventDate "2005.??.??"]
[EventRounds "9"]
[EventCountry "GER"]

1. e4 c5 2. b3 d6 3. Bb2 Nf6 4. Nc3 Nc6 5. Bb5 e5 6. f4 exf4 7. Nf3 a6 8. Bxc6+
bxc6 9. O-O Be7 10. Qe1 Ng4 11. e5 d5 12. Ne2 g5 13. e6 O-O 14. exf7+ Rxf7 15.
h3 Nh6 16. Ne5 Rf6 17. h4 Re6 18. hxg5 Bxg5 19. Nxf4 Bxf4 20. Rxf4 Qg5 21. Qf2
Rxe5 22. Bxe5 Qxe5 23. Re1 Qg5 24. Re8+ Kg7 25. Rff8 Ra7 26. Rxc8 Re7 27. Rce8
Ng4 28. Rg8+ 1-0

[Event "Thüringer Einzelmeisterschaft"]
[Site "Finsterbergen"]
[Date "2005.03.28"]
[Round "9"]
[White "Huster, Mike"]
[Black "Hannes, Diana"]
[Result "1/2-1/2"]
[WhiteElo "2074"]
[BlackElo "1928"]
[PlyCount "47"]
[EventDate "2005.??.??"]
[EventRounds "9"]
[EventCountry "GER"]

1. d4 f5 2. c4 Nf6 3. g3 e6 4. Bg2 d5 5. Nf3 Be7 6. O-O O-O 7. b3 Qe8 8. Nbd2
Ne4 9. Qc2 c6 10. Ne5 Nd7 11. Ndf3 Ndf6 12. Nd3 Ng4 13. Nfe5 Nxe5 14. Nxe5 g5
15. f3 Nd6 16. c5 Nf7 17. Nxf7 Rxf7 18. f4 h6 19. Bd2 b6 20. b4 b5 21. a4 Ba6
22. Rfe1 Bf6 23. Qc3 Qf8 24. Be3 1/2-1/2

[Event "Thüringer Einzelmeisterschaft"]
[Site "Finsterbergen"]
[Date "2005.03.28"]
[Round "9"]
[White "Zschiedrich, Heiko"]
[Black "Gulich, Christian"]
[Result "1-0"]
[WhiteElo "2231"]
[BlackElo "2113"]
[PlyCount "37"]
[EventDate "2005.??.??"]
[EventRounds "9"]
[EventCountry "GER"]

1. e4 c5 2. c3 d5 3. exd5 Qxd5 4. d4 Nf6 5. Nf3 Bg4 6. Be2 e6 7. h3 Bh5 8. O-O
Nc6 9. Be3 cxd4 10. cxd4 Be7 11. Nc3 Qa5 12. a3 a6 13. Qb3 Qc7 14. Rac1 O-O 15.
d5 Na5 16. Qa2 exd5 17. Nxd5 Qd6 18. Nxe7+ Qxe7 19. b4 1-0

[Event "Thüringer Einzelmeisterschaft"]
[Site "Finsterbergen"]
[Date "2005.03.28"]
[Round "9"]
[White "Buring, Matthias"]
[Black "Stridde, Peter"]
[Result "0-1"]
[WhiteElo "2154"]
[BlackElo "2085"]
[PlyCount "104"]
[EventDate "2005.??.??"]
[EventRounds "9"]
[EventCountry "GER"]

1. d4 Nc6 2. c4 e5 3. d5 Nce7 4. e4 Ng6 5. Be3 Be7 6. Nc3 d6 7. Qc2 Bg5 8. Bxg5
Qxg5 9. Nb5 Qd8 10. g3 a6 11. Nc3 Nh6 12. Bd3 O-O 13. Nge2 Qf6 14. h3 Qe7 15.
g4 Nh4 16. O-O-O g5 17. Ng3 f6 18. Qe2 Bd7 19. Rhg1 Nf7 20. Nf5 Bxf5 21. exf5
a5 22. Bc2 b6 23. Ba4 Nd8 24. f4 h6 25. a3 Nf7 26. fxg5 hxg5 27. Qe3 Kg7 28.
Ne2 Qd8 29. Kc2 Rh8 30. Rg3 Qb8 31. Qb3 Qd8 32. Bc6 Rb8 33. Qb5 Kh6 34. b4 axb4
35. axb4 Qe7 36. Re1 e4 37. Nc3 Qe5 38. Rge3 Ng2 39. R1e2 Nxe3+ 40. Rxe3 Qh2+
41. Kb3 Ne5 42. Qa4 Nf3 43. Qa2 Nd4+ 44. Ka3 Ra8+ 45. Ba4 Qf4 46. Re1 Kg7 47.
Qg2 e3 48. Kb2 Qf2+ 49. Qxf2 exf2 50. Rf1 Rxh3 51. Rxf2 Nf3 52. Bc6 Rah8 0-1

[Event "Thüringer Einzelmeisterschaft"]
[Site "Finsterbergen"]
[Date "2005.03.28"]
[Round "9"]
[White "Vogel, Alfred"]
[Black "Wegerich, Michael"]
[Result "1/2-1/2"]
[WhiteElo "2049"]
[BlackElo "2135"]
[PlyCount "29"]
[EventDate "2005.??.??"]
[EventRounds "9"]
[EventCountry "GER"]

1. e4 c5 2. Nc3 g6 3. g3 Bg7 4. Bg2 d6 5. d3 Nc6 6. Be3 Nf6 7. h3 O-O 8. Qd2
Bd7 9. f4 Nd4 10. Nf3 Nxf3+ 11. Bxf3 Bc6 12. O-O e6 13. Nd1 Nd7 14. c3 f6 15.
Nf2 1/2-1/2

[Event "Thüringer Einzelmeisterschaft"]
[Site "Finsterbergen"]
[Date "2005.03.28"]
[Round "9"]
[White "Hermann, Ingo"]
[Black "Taudte, Stefan"]
[Result "1/2-1/2"]
[WhiteElo "2004"]
[BlackElo "2093"]
[PlyCount "22"]
[EventDate "2005.??.??"]
[EventRounds "9"]
[EventCountry "GER"]

1. e4 e6 2. d4 d5 3. exd5 exd5 4. Bd3 Bd6 5. Nf3 Bg4 6. O-O Ne7 7. Re1 c6 8.
Bg5 f6 9. Bh4 Qc7 10. Bg3 Nd7 11. c3 Bxg3 1/2-1/2

[Event "Thüringer Einzelmeisterschaft"]
[Site "Finsterbergen"]
[Date "2005.03.28"]
[Round "9"]
[White "Tischer, Jana"]
[Black "Kirchhübel, Steffen"]
[Result "1-0"]
[WhiteElo "1867"]
[BlackElo "1847"]
[PlyCount "97"]
[EventDate "2005.??.??"]
[EventRounds "9"]
[EventCountry "GER"]

1. e4 c6 2. d4 d5 3. exd5 Qxd5 4. Nc3 Qa5 5. Nf3 Bf5 6. Bd2 e6 7. Bc4 Qc7 8.
O-O Be7 9. Qe2 Nf6 10. Rfe1 Nbd7 11. d5 cxd5 12. Nxd5 Nxd5 13. Bxd5 O-O 14. Nd4
Bd6 15. Nxf5 Bxh2+ 16. Kh1 exf5 17. Qh5 Nf6 18. Qxh2 Qxh2+ 19. Kxh2 Nxd5 20.
Re5 Rad8 21. Rae1 Nf6 22. Bb4 Ng4+ 23. Kg3 Nxe5 24. Bxf8 f4+ 25. Kh3 f6 26. Bb4
Kf7 27. Bc3 Ke6 28. g3 fxg3 29. f4 Rd5 30. fxe5 f5 31. Kxg3 Rd7 32. Kf4 h6 33.
Rh1 g5+ 34. Kf3 Rh7 35. Rd1 Rd7 36. Rxd7 Kxd7 37. Bd4 a6 38. c4 Ke6 39. b4 h5
40. a4 h4 41. Bc3 h3 42. Kg3 g4 43. b5 f4+ 44. Kh2 f3 45. Kg3 Kf5 46. c5 h2 47.
Kxh2 Kf4 48. e6 g3+ 49. Kg1 1-0

[Event "Thüringer Einzelmeisterschaft"]
[Site "Finsterbergen"]
[Date "2005.03.28"]
[Round "9"]
[White "Koksch, Robert"]
[Black "Manger, Erika"]
[Result "1-0"]
[WhiteElo "2099"]
[BlackElo "1479"]
[PlyCount "107"]
[EventDate "2005.??.??"]
[EventRounds "9"]
[EventCountry "GER"]

1. d4 Nf6 2. c4 g6 3. Nc3 Bg7 4. e4 d6 5. f4 e5 6. fxe5 dxe5 7. d5 Nbd7 8. Be3
b6 9. b4 Bb7 10. c5 c6 11. Rb1 a6 12. a4 b5 13. axb5 axb5 14. Be2 Ra3 15. Qd2
Rxc3 16. Qxc3 Nxe4 17. Qc2 Nef6 18. dxc6 Bxc6 19. Rd1 O-O 20. Nf3 Nd5 21. Rxd5
Bxd5 22. Bxb5 Bxf3 23. gxf3 Qh4+ 24. Ke2 Nf6 25. Qd2 Qh3 26. Rf1 Qc8 27. Bc4 e4
28. b5 exf3+ 29. Rxf3 Ne4 30. Qc2 Nc3+ 31. Kf1 Qg4 32. Be2 Qd7 33. c6 Qd5 34.
c7 Re8 35. b6 Qc6 36. Qb3 Nd5 37. Kf2 Rxe3 38. Rxe3 Nxe3 39. Kxe3 Bh6+ 40. Kd3
Qd6+ 41. Kc4 Qe6+ 42. Kc3 Bg7+ 43. Kd2 Qxb3 44. c8=Q+ Bf8 45. b7 Qd5+ 46. Kc1
Qg5+ 47. Kc2 Qe3 48. b8=Q Qxe2+ 49. Kb1 Qd3+ 50. Qc2 Qf1+ 51. Kb2 Qf6+ 52. Qc3
Qf2+ 53. Kb3 Qf5 54. Qh8+ 1-0

[Event "Thüringer Einzelmeisterschaft"]
[Site "Finsterbergen"]
[Date "2005.03.28"]
[Round "9"]
[White "Koksch, Florian"]
[Black "Von Otte, Wilhelm"]
[Result "1/2-1/2"]
[WhiteElo "1910"]
[BlackElo "1977"]
[PlyCount "44"]
[EventDate "2005.??.??"]
[EventRounds "9"]
[EventCountry "GER"]

1. e4 c5 2. Nf3 a6 3. d4 cxd4 4. Nxd4 e5 5. Nb3 Nf6 6. Nc3 Bb4 7. Bd2 O-O 8.
Bd3 Bxc3 9. Bxc3 d5 10. exd5 Nxd5 11. Qd2 Nxc3 12. Qxc3 Qg5 13. O-O Nc6 14.
Rfe1 f5 15. Bc4+ Kh8 16. Bd5 f4 17. Bxc6 bxc6 18. Rxe5 Qg6 19. Rae1 Bd7 20. Re7
f3 21. g3 Bg4 22. Nd4 Rad8 1/2-1/2

[Event "Thüringer Einzelmeisterschaft"]
[Site "Finsterbergen"]
[Date "2005.03.28"]
[Round "9"]
[White "Kirste, Olaf"]
[Black "Grüner, Nico"]
[Result "1-0"]
[WhiteElo "2056"]
[BlackElo "1481"]
[PlyCount "85"]
[EventDate "2005.??.??"]
[EventRounds "9"]
[EventCountry "GER"]

1. b3 c5 2. Bb2 d6 3. Nf3 Nd7 4. e3 Ngf6 5. Be2 g6 6. O-O Bg7 7. c4 O-O 8. Qc2
b6 9. Nc3 Bb7 10. Rad1 a6 11. d4 cxd4 12. exd4 Rc8 13. Qb1 Qc7 14. Rfe1 Rfe8
15. Nd2 d5 16. cxd5 Nxd5 17. Nxd5 Bxd5 18. Bxa6 Qc2 19. Bd3 Qc7 20. Nc4 Qf4 21.
Bf1 Qg4 22. Ne3 Qg5 23. Nxd5 Qxd5 24. Bc4 Qh5 25. h3 e6 26. Qd3 Red8 27. Qe2
Qa5 28. a4 Nb8 29. Rd3 Nc6 30. Red1 Qa7 31. d5 Nb4 32. dxe6 Nxd3 33. exf7+ Kf8
34. Bxg7+ Kxg7 35. Rxd3 Qc7 36. Rxd8 Qxd8 37. g4 Kf8 38. Qe5 Qd1+ 39. Kg2 Qd8
40. g5 Qc7 41. Qh8+ Ke7 42. f8=Q+ Rxf8 43. Qg7+ 1-0